| 000 | 00788nam a22002297a 4500 | ||
|---|---|---|---|
| 999 |
_c242 _d242 |
||
| 003 | AR-CdUCM | ||
| 008 | 190222b ||||| |||| 00| 0 spa d | ||
| 020 | _a847076022X | ||
| 040 |
_aMUNICIPALIDAD PROVINCIAL DEL CUSCO _cBIBLIOTECA MUNICIPAL DEL CUSCO |
||
| 082 |
_a808.8 / _bSA164 |
||
| 100 |
_aSalgari, Emilio _9800 |
||
| 245 | _aLos tigres de la Malasia / | ||
| 260 |
_aMadrid : _bGahe, _c1975 |
||
| 300 |
_a166 paginas ; _b8 Ilustraciones. _c20 cm. |
||
| 505 | _aContenido: El asalto del Mariana -- El peregrino de la Meca -- En el río Kobataun -- En medio del fuego -- Las confesiones del piloto... | ||
| 650 |
_aMarinos _91055 |
||
| 650 |
_aLos Dayakos _91056 |
||
| 650 |
_aCazadores _91057 |
||
| 650 |
_aFakires Indios _91058 |
||
| 942 |
_2ddc _cLIBROS |
||
| 945 |
_awnts _d2019-02-22 |
||